Wicemistrzowie Europy - Statystyki

Ogólne statystyki
  • Ten quiz został rozwiązany 25 razy
  • Średni wynik to 10 z 16
Statystyki odpowiedzi
Rok Wicemistrz % Poprawnych
2020 Anglia
96%
2016 Francja
96%
2004 Portugalia
92%
2012 Włochy
92%
2008 Niemcy
88%
2000 Włochy
80%
1992 Niemcy
72%
1996 Czechy
56%
1960 Jugosławia
48%
1988 ZSRR
48%
1976 RFN
44%
1964 ZSRR
44%
1984 Hiszpania
40%
1980 Belgia
36%
1968 Jugosławia
36%
1972 ZSRR
36%
Nie znaleziono quizów pasujących do podanych kryteriów
Rozkład punktacji
Procent ludzi z każdym wynikiem
Percentyl według liczby udzielonych odpowiedzi
Twoja historia wyników
Nie rozwiązałeś tego quizu